000 00299pam a2200133 a 4500
020 _c
041 _h
082 _a751.426
_bMAC
100 _a Glynmacey.
245 _aAcrylics unleashed
_hTextual Documents
260 _a[s.l]:
_bSearch Press,
_c2015.
300 _a144:
_bpaper.
930 _a7436
999 _c241226
_d241226